000 00715pam a2200205 a 4500
008 840815s1985 nyua 001 0 eng
020 _a0030410568 (pbk.)
050 0 0 _aPE1475
_b.S26 1985
082 0 0 _a808/.0666
100 1 _aSandman, Peter M.
245 1 0 _aScientific and technical writing /
_cPeter M. Sandman, Carl S. Klompus, Betsy Greenleaf Yarrison.
260 _aNew York :
_bHolt, Rinehart, and Winston,
_cc1985.
300 _ax, 451 p. :
_bill. ;
500 _aIncludes index.
650 0 _aEnglish language
_xTechnical English
_vProblems, exercises, etc.
650 0 _aTechnical writing
_vProblems, exercises, etc.
700 1 _aKlompus, Carl S.
700 1 _aYarrison, Betsy Greenleaf.
942 _cBK
999 _c1833
_d1833